| 000 | 00645nam a2200193 a 4500 | ||
|---|---|---|---|
| 001 | 000048061 | ||
| 005 | 20201002060908.0 | ||
| 008 | 181112s2016 dr 000 0 spa d | ||
| 020 | _a9789945167610 | ||
| 040 |
_aDO-SdBNP _bspa _cBNPHU |
||
| 082 |
_axxxx _bV985v |
||
| 100 | 1 |
_aVásquez Henríquez, Erasmo, _d1948- _922642 |
|
| 245 | 1 | 0 |
_aVisión moderna : _bhistoria dominicana / _cErasmo Vásquez Henríquez. |
| 260 |
_aLa Vega, República Dominicana : _bBúho, _c2016. |
||
| 300 |
_a669 p. ; _c23 cm. |
||
| 500 | _aIncluye datos biográficos del autor en las solapas | ||
| 504 | _aBibliografía : p. 667-669 | ||
| 590 | _aInventariado, 2018/LP | ||
| 999 |
_c47549 _d47549 |
||